Logo BPK

Biblioteka

Politechniki Koszalińskiej

Mapa magnetyczna Polski : (Rekord nr 49222)

Szczegóły MARC
000 -ETYKIETA REKORDU
podpole kontrolne o stałej długości 02062nem a2200469 i 4500
001 - NUMER KONTROLNY REKORDU
pole kontrolne 49222
003 - IDENTYFIKATOR NUMERU KONTROLNEGO REKORDU
podpole kontrolne KOSZ 005
005 - DATA OSTATNIEJ MODYFIKACJI REKORDU
podpole kontrolne 20220826143910.0
006 - DANE KONTROLNE - DODATKOWA CHARAKTERYSTYKA DOKUMENTU
podpole kontrolne o stałej długości e|||||r|a|| 0| 0
007 - DANE KONTROLNE - FORMA FIZYCZNA DOKUMENTU
podpole kontrolne o stałej długości aj can||
008 - POLE O STAŁEJ DŁUGOŚCI - DANE KONTROLNE
podpole kontrolne o stałej długości 110808s1978 pl a |000 0 pol
040 ## - ŹRÓDŁO KATALOGOWANIA
Instytucja, która utworzyła rekord KOSZ 005
Instytucja, która sporządziła opis KOSZ 005/ID
Instytucja, która dokonała modyfikacji KOSZ 005/AR
041 0# - KOD JĘZYKA
Kod języka tekstu pol
080 ## - UNIWERSALNA KLASYFIKACJA DZIESIĘTNA - UKD
UKD 912(438)
080 ## - UNIWERSALNA KLASYFIKACJA DZIESIĘTNA - UKD
UKD 550.38
080 ## - UNIWERSALNA KLASYFIKACJA DZIESIĘTNA - UKD
UKD 528.9(438)
245 00 - TYTUŁ/ODPOWIEDZIALNOŚĆ
Tytuł Mapa magnetyczna Polski :
Ciąg dalszy tytułu anomalie składowej pionowej "Z" pola magnetycznego Ziemi : 1:500 000 /
Pozostałe elementy strefy tytułu i oznaczenia odpowiedzialności Instytut Geologiczny ; Konstanty Karaczun, Maria Karaczun, Maria Bilińska, Andrzej Uhrynowski ; redaktor Anna Kawecka ; opracowanie graficzne i druk Wydawnictwa Geologiczne ; redaktor D. Siemiatycka.
255 ## - STREFA DANYCH MATEMATYCZNYCH
Oznaczenie skali Skala 1 : 500 000.
260 ## - STREFA ADRESU WYDAWNICZEGO
Miejsce wydania [Warszawa] :
Nazwa wydawcy/dystrybutora Wydawnictwa Geologiczne,
Data publikacji, dystrybucji/powstania dokumentu 1978.
300 ## - STREFA OPISU FIZYCZNEGO
Objętość 1 mapa na 4 arkuszach :
Inne cechy fizyczne wielobarwna ;
Rozmiary 94x83 cm i mniejsze, w tubie 10x103 cm.
336 ## - TYP ZAWARTOŚCI
Źródło (terminu i kodu) rdacontent
Termin opisujący typ zawartości Mapa 2D
Kod określający zawartość cri
337 ## - TYP MEDIÓW
Źródło (terminu i kodu) rdamedia
Tryb odtwarzania Bez urządzenia pośredniczącego
Kod typu mediów n
338 ## - TYP/RODZAJ NOŚNIKA
Źródło (terminu i kodu) rdacarrier
Hasło opisujące typ nośnika Arkusz
Kod typu nośnika nb
380 ## - FORMA I TYP PUBLIKACJI
Forma i typ publikacji Mapy
388 ## - CZAS POWSTANIA
Czas powstania 1901-2000
505 ## - SFORMALIZOWANA UWAGA DOTYCZĄCA ZAWARTOŚCI
Pełny tekst uwagi Skorowidz autorski.
520 ## - UWAGA DOTYCZĄCA TREŚCI DOKUMENTU
Analiza dokumentacyjna, adnotacja itp. Na anomalie przyjęto wzór na pole normalne opracowany przez K. Karaczuna dla epoki 1957,5. Za punkt odniesienia systemu anomalii przyjęto wartość punktu Kielce.
650 #7 - HASŁO PRZEDMIOTOWE W FORMIE NAZWY OGÓLNEJ LUB JEDNOSTKOWEJ
Nazwa ogólna lub geograficzna Geologia
650 #7 - HASŁO PRZEDMIOTOWE W FORMIE NAZWY OGÓLNEJ LUB JEDNOSTKOWEJ
Nazwa ogólna lub geograficzna Magnetyzm ziemski
650 #7 - HASŁO PRZEDMIOTOWE W FORMIE NAZWY OGÓLNEJ LUB JEDNOSTKOWEJ
Nazwa ogólna lub geograficzna Pole magnetyczne
651 #7 - HASŁO PRZEDMIOTOWE W FORMIE NAZWY GEOGRAFICZNEJ
Nazwa geograficzna Polska
655 ## - TERMIN INDEKSOWY - OKREŚLENIE RODZAJU/FORMY DOKUMENTU
Określenie rodzaju/formy dokumentu Mapa geologiczna
658 ## - TERMIN INDEKSOWY - PRZEDMIOT PROGRAMU NAUCZANIA
Główny przedmiot programu nauczania Geografia i nauki o Ziemi
700 1# - HASŁO DODATKOWE - NAZWA OSOBOWA
Nazwa osobowa Karaczun, Konstanty
Daty związane z nazwą (1923-2002)
700 1# - HASŁO DODATKOWE - NAZWA OSOBOWA
Nazwa osobowa Kawecka, Anna
Określenie związku między hasłem a opisywanym materiałem Redakcja
Dopowiedzenie (geolog)
700 1# - HASŁO DODATKOWE - NAZWA OSOBOWA
Nazwa osobowa Siemiatycka, Danuta
Określenie związku między hasłem a opisywanym materiałem Redakcja
710 2# - HASŁO DODATKOWE - NAZWA CIAŁA ZBIOROWEGO
Nazwa ciała zbiorowego lub jednostki geograficznej Państwowy Instytut Geologiczny
Określenie związku między hasłem a opisywanym materiałem Instytucja sprawcza
710 2# - HASŁO DODATKOWE - NAZWA CIAŁA ZBIOROWEGO
Nazwa ciała zbiorowego lub jednostki geograficznej Wydawnictwa Geologiczne
Określenie związku między hasłem a opisywanym materiałem Wydawca
856 ## - LOKALIZACJA I DOSTĘP DO ELEKTRONICZNYCH DOKUMENTÓW ZDALNYCH
Link (URL) http://koha.tu.koszalin.pl/cgi-bin/koha/opac-detail.pl?biblionumber=49222
Tekst linku Katalog online BPK
942 ## - DODATKOWE ELEMENTY (KOHA)
Typ dokumentu Kartograficzne
Schemat klasyfikacji Uniwersalna Klasyfikacja Dziesiętna
Egzemplarze
Wycofany Status Uszkodzony Dostępność Lokalizacja stała Lokalizacja bieżąca Miejsce przechowywania Cena Sygnatura Kod kreskowy Typ dokumentu
      Dostępny Biblioteka Politechniki Koszalińskiej Biblioteka Politechniki Koszalińskiej Wypożyczalnia BG 10.70 MP 1663 02510606 Kartograficzne
© 2023 Biblioteka Politechniki Koszalińskiej :: KOHA